Daňové výdavky podľa par. 24 zákona o daniach z príjmov
Komplexný prehľad ustanovenia par. 24 zákona č. 366/1999 Z.z. o daniach z príjmov v znení platnom k. 1. 1. 2003. 70 príkladov, judikáty, pracovný list a upozornenia na najfrekventovanejšie problémy.
Gespeichert in:
| 1. Verfasser: | |
|---|---|
| Format: | Buchkapitel |
| Sprache: | Slowakisch |
| Schlagworte: | |
| Tags: |
Keine Tags, Fügen Sie das erste Tag hinzu!
|
MARC
| LEADER | 00000naa a2200000 4500 | ||
|---|---|---|---|
| 001 | r048776 | ||
| 005 | 20231003090046.4 | ||
| 041 | 0 | |a slo | |
| 044 | |a SK | ||
| 245 | 1 | 0 | |a Daňové výdavky podľa par. 24 zákona o daniach z príjmov |c Tomáš Barcaj |
| 520 | |a Komplexný prehľad ustanovenia par. 24 zákona č. 366/1999 Z.z. o daniach z príjmov v znení platnom k. 1. 1. 2003. 70 príkladov, judikáty, pracovný list a upozornenia na najfrekventovanejšie problémy. | ||
| 610 | 2 | 0 | |a výdavky daňové |
| 610 | 2 | 0 | |a dane z príjmov |
| 610 | 2 | 0 | |a zákony |
| 610 | 2 | 0 | |a osoby fyzické |
| 610 | 2 | 0 | |a osoby právnické |
| 610 | 2 | 0 | |a účtovníctvo jednoduché |
| 610 | 2 | 0 | |a účtovníctvo podvojné |
| 100 | 1 | |a Barcaj, Tomáš | |